| 000 | 00926nam a2200265 a 4500 | ||
|---|---|---|---|
| 001 | 000024357 | ||
| 005 | 20250716131306.0 | ||
| 008 | 110126s2001 mx a r 000 | spa d | ||
| 020 | _a9685073023 | ||
| 040 |
_aDO-SdBNP _bspa _cBNPHU |
||
| 082 |
_a636 _bC967a |
||
| 100 | 1 |
_aCuéllar Salas, Rodolfo _949951 |
|
| 245 | 1 | 3 |
_aAnatomía comparada de los animales domésticos / _cRodolfo Cuéllar Salas. |
| 260 |
_aAguascalientes, (México) : _bUniversidad Autónoma de Aguascalientes, _bUniversidad de Colima , _c2001. |
||
| 300 |
_a330 p. : _bil. ; _c28 cm. |
||
| 490 | 1 | _aTextos universitarios | |
| 500 | _aIncluye índice de figuras | ||
| 504 | _aIncluye referencias bibliográficas | ||
| 650 | 0 |
_aAnimales domésticos _947778 |
|
| 650 | 4 |
_aAlojamiento animal _949952 |
|
| 650 | 4 |
_aAnimales domésticos _xEdad _949953 |
|
| 650 | 4 |
_aTrato de los animales _949954 |
|
| 830 | 0 |
_aTextos universitarios _91147 |
|
| 049 | _aBNRG | ||
| 999 |
_c23850 _d23850 |
||